Statistics for Државе француског говорног подручја

Click here to take the quiz!

General Stats

  • This quiz has been taken 291 times
  • The average score is 12 of 27

Answer Stats

%Држава% Correct
97%Француска
99%
66%Швајцарска
76%
33%Алжир
72%
72%Белгија
71%
31%Мароко
71%
54%Тунис
64%
79%Монако
60%
29%Канада
60%
96%Луксембург
58%
70%Андора
56%
29%Сенегал
50%
47%Д.Р. Конго
48%
58%Република Конго
46%
34%Обала Слоноваче
44%
40%Камерун
42%
39%Того
40%
61%Габон
34%
35%Бенин
30%
29%Централноафричка Република
30%
73%Маурицијус
21%
42%Хаити
19%
29%Екваторијална Гвинеја
19%
25%Комори
19%
53%Сејшели
17%
38%Либан
13%
50%Џибути
12%
31%Вануату
4%

Score Distribution

Percentile by Number Answered

Percent of People with Each Score

Your Score History

You have not taken this quiz